000 00371nam a22001457a 4500
005 20151019111910.0
008 151019b xxu||||| |||| 00| 0 eng d
040 _cPK-LaUMT
082 _aKHC 954.9205
_bQUT-M
100 _aQutubuddin Aziz
245 _aMission to washington
_cQutubuddin Aziz
260 _aKarachi
_bUnited press
_c1973
300 _a234 p.
942 _cBK
999 _c77504
_d77504